| 000 -LEADER |
| fixed length control field |
00577nam a22001817a 4500 |
| 003 - CONTROL NUMBER IDENTIFIER |
| control field |
OkBaRHE |
| 005 - DATE AND TIME OF LATEST TRANSACTION |
| control field |
20120112135757.0 |
| 008 - FIXED-LENGTH DATA ELEMENTS--GENERAL INFORMATION |
| fixed length control field |
110513t xxu||||| |||| 00| 0 eng d |
| 040 ## - CATALOGING SOURCE |
| Transcribing agency |
|
| 050 ## - LIBRARY OF CONGRESS CALL NUMBER |
| Classification number |
BS 2454 .J3 |
| Item number |
W3 |
| 100 ## - MAIN ENTRY--PERSONAL NAME |
| Personal name |
Ward, C.M. |
| 9 (RLIN) |
1117 |
| 245 ## - TITLE STATEMENT |
| Title |
James, the brother of Jesus. |
| Statement of responsibility, etc |
A story-study of the Nazareth family and how it was reconciled. |
| 260 ## - PUBLICATION, DISTRIBUTION, ETC. (IMPRINT) |
| Place of publication, distribution, etc |
Springfield, MO. |
| Name of publisher, distributor, etc |
Assemblies of God. |
| Date of publication, distribution, etc |
1962 |
| 300 ## - PHYSICAL DESCRIPTION |
| Extent |
48 p. |
| Dimensions |
17 cm. |
| 440 ## - SERIES STATEMENT/ADDED ENTRY--TITLE |
| Title |
Story-study of the Bible. |
| Volume number/sequential designation |
vol. 2 |
| 9 (RLIN) |
1175 |
| 600 ## - SUBJECT ADDED ENTRY--PERSONAL NAME |
| Personal name |
James |
| Titles and other words associated with a name |
Brother of the Lord, Saint. |
| 9 (RLIN) |
1176 |
| 942 ## - ADDED ENTRY ELEMENTS (KOHA) |
| Source of classification or shelving scheme |
|
| Koha item type |
Books |